Jack and the beanstalk (Record no. 59110)

MARC details
000 -LEADER
fixed length control field 00575nam a2200169 a 4500
005 - DATE AND TIME OF LATEST TRANSACTION
control field 20111208123050.0
020 ## - INTERNATIONAL STANDARD BOOK NUMBER
International Standard Book Number 9789350331187
Terms of availability $ 4.99
037 ## - SOURCE OF ACQUISITION
Source of stock number/acquisition Blueberry Books
245 ## - TITLE STATEMENT
Title Jack and the beanstalk
260 ## - PUBLICATION, DISTRIBUTION, ETC. (IMPRINT)
Place of publication, distribution, etc NOIDA
Name of publisher, distributor, etc Maple Press
Date of publication, distribution, etc 201?
270 ## - ADDRESS
Address H-205, Sector-63,
City NOIDA
Postal code 201307
300 ## - PHYSICAL DESCRIPTION
Extent unpaged
Dimensions 15cm(Hb)
Other physical details ill.
490 ## - SERIES STATEMENT
Series statement Let's read
Volume number/sequential designation Level-3
-- 36630
856 ## - ELECTRONIC LOCATION AND ACCESS
Materials specified Table of contents
Uniform Resource Identifier http://www.loc.gov/catdir/toc/ecip0516/2005020735.html
942 ## - ADDED ENTRY ELEMENTS (KOHA)
Source of classification or shelving scheme Dewey Decimal Classification
Item type Children Books
Call number suffix JAC
Holdings
Withdrawn status Lost status Not for loan Home library Current library Date acquired Cost, normal purchase price Full call number Cost, replacement price Koha item type
      Andrews Gunj Andrews Gunj 08/12/2011 0.00 JAC 0.00 Children Books

© Delhi Public Library
Hit Counter
free hit counter